O Vermelho e o Negro (Record no. 295)

MARC details
000 -LÍDER
campo de controle de tamanho fixo 01352nam a22003497a 4500
001 - NÚMERO DE CONTROLE
campo de controle 295
003 - IDENTIFICADOR DO NÚMERO DE CONTROLE
campo de controle OSt
005 - DATA E HORÁRIO DA ÚLTIMA TRANSAÇÃO
campo de controle 20250528074017.0
008 - CAMPO DE DADOS FIXOS--INFORMAÇÃO GERAL
campo de controle de tamanho fixo 250318b |||||||e |||| 00| f eng d
020 ## - ISBN - INTERNATIONAL STANDARD BOOK NUMBER
ISBN - International Standard Book Number 9788513011201
040 ## - FONTE DA CATALOGAÇÃO
Idioma da catalogação por
041 ## - CÓDIGO DE IDIOMA
Código do idioma do original e/ou traduções intermediárias do texto fre
Código do idioma do texto/trilha sonora ou título diferente por
082 ## - CDD - CLASSIFICAÇÃO DECIMAL DE DEWEY
Número de Classificação 843
Número do exemplar S825v
100 1# - ENTRADA PRINCIPAL--NOME PESSOAL
Nome pessoal Stendhal,
Datas associadas ao nome 1783-1842
9 (RLIN) 573
240 ## - TÍTULO UNIFORME
Título uniforme Le Rouge et le Noir
245 ## - TÍTULO
Título O Vermelho e o Negro
Indicação de responsabilidade, etc. Stendhal ; Tradução de Sousa, Casemiro Fernandes.
260 ## - PUBLICAÇÃO, DISTRIBUIÇÃO, ETC.
Local de publicação, distribuição, etc. São Paulo
Nome do editor, distribuidor, etc. Abril
Data da publicação, distribuição, etc. 1971
300 ## - DESCRIÇÃO FÍSICA
Extensão 492 p.
490 1# - TÍTULO DA SÉRIE
Título da série Os Imortais da Literatura Universal
520 ## - NOTA DE RESUMO, ETC.
Resumo, etc. O Vermelho e o Negro" é uma obra-prima de Stendhal, publicada em 1830, que combina romance histórico e psicológico. A narrativa acompanha Julien Sorel, um jovem ambicioso de origem humilde, que busca ascender socialmente na França pós-napoleônica. Sua trajetória envolve relacionamentos complexos e uma crítica incisiva à sociedade da época.
650 #0 - ASSUNTO--TERMO TÓPICO
Cabeçalho tópico ou nome geográfico Literatura francesa
9 (RLIN) 122
650 #0 - ASSUNTO--TERMO TÓPICO
Cabeçalho tópico ou nome geográfico Crítica social
9 (RLIN) 514
650 #0 - ASSUNTO--TERMO TÓPICO
Cabeçalho tópico ou nome geográfico Romance Psicológico
9 (RLIN) 509
650 #0 - ASSUNTO--TERMO TÓPICO
Cabeçalho tópico ou nome geográfico Ambição
9 (RLIN) 574
650 #0 - ASSUNTO--TERMO TÓPICO
Cabeçalho tópico ou nome geográfico Ascensão social​
9 (RLIN) 575
655 #0 - TERMO DE ÍNDICE--GÊNERO E FORMA
Gênero/forma/ou termo foco Romance
655 #0 - TERMO DE ÍNDICE--GÊNERO E FORMA
Gênero/forma/ou termo foco Ficção
700 ## - ENTRADA ADICIONADA - NOME PESSOAL
Nome pessoal De Sousa
Função do autor por extenso TRADUTOR
9 (RLIN) 576
700 ## - ENTRADA ADICIONADA - NOME PESSOAL
Nome pessoal Casimiro Fernandes
Função do autor por extenso Tradutor
9 (RLIN) 123
830 ## - ENTRADA SECUNDÁRIA DE SÉRIE--TÍTULO UNIFORME
Título uniforme Os Imortais da Literatura Universal
9 (RLIN) 461
Número do volume ou designação sequencial da série vol. 23
942 ## - ELEMENTOS DE ENTRADA ADICIONADOS (KOHA)
Fonte de classificação ou esquema de arquivamento Classificação decimal de Dewey
Ocultar no OPAC Não
Tipo de material Koha Livros
Holdings
Situação do descarte Situação das perdas Fonte de classificação ou esquema de arquivamento Status danificado Não pode ser emprestado Coleção Biblioteca de origem Biblioteca atual Localização na estante Data de aquisição Fonte de aquisição Total de empréstimos Número de chamada completo Código de barras Data de último acesso Data do preço efetivo Tipo de material Koha
    Classificação decimal de Dewey     Ficção Biblioteca Professor Eduardo Afonso de Castro Biblioteca Professor Eduardo Afonso de Castro Literatura Estrangeira 18.03.2025 doação   843 / S825v 2025-17248 18.03.2025 18.03.2025 Livros

Powered by Koha